Apodos - Estadísticas

Estadísticas generales
  • Esta prueba ha sido intentada 19 veces
    5 desde el último reinicio
  • La puntuación promedio es 25 de 32
Estadísticas de respuestas
Hint Respuesta % Correcto
Cattoni Bomba
100%
Marcos Don Rafael
100%
Marcos Gamer Fuerte
100%
Javier Hombre manzana
100%
Juan Admin
80%
Alejandro P Aleok
80%
Manu Chupona
80%
JR Cuerdas
80%
Marta Cuki
80%
Pedro F Delegado
80%
Alvaro Castillo Dios
80%
Carlos C. Dios del abatimiento
80%
Irene Dua Lipa
80%
Fernando Pato Espadachin de montepinar
80%
Yara Gitana
80%
Pedro Haaland
80%
Jesuli Holap
80%
Ivan Iván con pollo
80%
Gloria Jessie
80%
Lola Kaguya
80%
Andrés Mago
80%
Miguel T Mandíbula de hierro
80%
Carlota y Pedro Marqueses de Nuremberg
80%
Joseluis Meowth
80%
JD Mono
80%
Pepe Sapo
80%
Yara Gamer Satury
80%
Javier Pato Capitán España
60%
Ballesteros Sexo
60%
Pablo D James
60%
Jose Antonio Taliban
60%
Fernando Triunfador
40%
No se encontraron pruebas coincidentes
Distribución de puntuación
Porcentaje de gente con cada puntuación
Porcentaje por número respondido
Historial de tus puntuaciones
No has intentado esta prueba desde el último reinicio